Normal view
MARC view
- Learning in doing
Entry Uniform Title
001 - CONTROL NUMBER
- control field: 4127
003 - CONTROL NUMBER IDENTIFIER
- control field: NUST
005 - DATE AND TIME OF LATEST TRANSACTION
- control field: 20170824114129.0
008 - FIXED-LENGTH DATA ELEMENTS
- fixed length control field: 170824|| aca||aabn | a|a d
040 ## - CATALOGING SOURCE
- Original cataloging agency: NUST
- Transcribing agency: NUST
130 ## - HEADING--UNIFORM TITLE
- Uniform title: Learning in doing
670 ## - SOURCE DATA FOUND
- Source citation: Work cat.: (NUST)0: Lave, Jean. 4126, Situated learning :, 1991.
